| 000 | 00405nam a2200169 4500 | ||
|---|---|---|---|
| 001 | 43437 | ||
| 090 | _a43437 | ||
| 100 | _a20240819 pory50 | ||
| 101 | _apor | ||
| 102 | _aPT | ||
| 200 |
_aO herdeiro de Caswill _fJuan Lozano Rico |
||
| 210 |
_aLisboa _cAgĂȘncia portuguesa de revistas _d[19--?] |
||
| 215 | _a96 p. | ||
| 225 |
_aEnamorado _v4 |
||
| 675 | _a821.134.4-31 | ||
| 801 |
_aPT _gRPC |
||
| 990 | _cLIVROS | ||